[Event "November game"]
[Site "http://www.queenalice.com/game.php?id=487586"]
[Date "2008.11.4"]
[Round "-"]
[White "Papi"]
[Black "Kamikase"]
[Result "1-0"]
[WhiteElo "1700"]
[BlackElo "1706"]

1. e4 e5 2. Nf3 Nc6 3. Nc3 Nf6 4. Bb5 d6 5. d4 Bd7 6. d5 Ne7 7. Be3 a6 8. Bc4 b5
9. Be2 c6 10. dxc6 Bxc6 11. a4 Nxe4 12. axb5 axb5 13. Nxb5 f5 14. Ng5 Nxg5 15.
Nxd6+ Kd7 16. Nf7+ 1-0

[Event "November game"]
[Site "http://www.queenalice.com/game.php?id=487587"]
[Date "2008.11.4"]
[Round "-"]
[White "Kamikase"]
[Black "Papi"]
[Result "0-1"]
[WhiteElo "1705"]
[BlackElo "1727"]

1. e4 e5 2. Nf3 d6 3. d4 exd4 4. Nxd4 Nf6 5. Nc3 Be7 6. Qf3 Bg4 7. Qg3 O-O 8.
Be2 Bxe2 9. Ndxe2 Re8 10. O-O Qd7 11. Nd5 Nxd5 12. exd5 Qb5 13. Nc3 Qc4 14. Re1
Nd7 15. b3 Qd4 16. Bb2 Bh4 17. Qh3 Qxf2+ 0-1

[Event "Challenge"]
[Site "http://www.queenalice.com/game.php?id=491811"]
[Date "2008.11.11"]
[Round "-"]
[White "sunking"]
[Black "Kamikase"]
[Result "1-0"]
[WhiteElo "1665"]
[BlackElo "1708"]

1. d4 d5 2. Nc3 Nf6 3. e3 Nc6 4. Bb5 Bd7 5. Nf3 a6 6. Ba4 b5 7. Ne5 Nxe5 8. dxe5
Ne4 9. O-O Nxc3 10. bxc3 bxa4 11. a3 g6 12. Qxd5 e6 13. Qd4 Bg7 14. Rd1 Bc6 15.
Qxd8+ Rxd8 16. Re1 Bxe5 17. Rb1 O-O 18. c4 Rd7 19. g3 Rfd8 20. h4 Rd1 21. Bb2
Rxe1+ 22. Rxe1 Bxb2 23. Kf1 Rd2 24. Re2 Rxe2 25. Kxe2 Bxa3 26. c5 Bxc5 27. Kd3
a3 28. Kc3 a2 29. Kb2 Bd5 30. c3 a5 31. g4 a4 32. g5 a3+ 33. Ka1 Bd6 34. f4 c5
35. e4 1-0

[Event "Challenge"]
[Site "http://www.queenalice.com/game.php?id=494573"]
[Date "2008.11.17"]
[Round "-"]
[White "jeancarlo1910"]
[Black "Kamikase"]
[Result "1-0"]
[WhiteElo "1815"]
[BlackElo "1704"]

1. d4 d5 2. Nc3 Nf6 3. Bg5 c6 4. Nf3 h6 5. Bh4 Bg4 6. h3 Bxf3 7. exf3 e6 8. Bd3
Bb4 9. a3 Bxc3+ 10. bxc3 Nbd7 11. O-O Qa5 12. Qd2 O-O 13. f4 Qc7 14. f5 exf5 15.
Bxf5 Ne4 16. Bxe4 dxe4 17. Qe3 f5 18. Bg3 Qd8 19. f4 exf3 20. Qe6+ Kh8 21. Rxf3
Rf6 22. Qe3 Qf8 23. Rf4 Nb6 24. Rff1 g5 25. Be5 Nd5 26. Bxf6+ Nxf6 27. Rxf5 Qd6
28. Re5 Rf8 29. Rf1 Kg7 30. Re7+ Kg8 31. Rxb7 Rf7 32. Rbb1 Nd5 33. Qe8+ Rf8 34.
Rxf8+ Qxf8 35. Qe6+ Qf7 36. Rb8+ Kg7 37. Qxc6 Ne7 38. Qb5 Kg6 39. Rb7 1-0

[Event "Challenge"]
[Site "http://www.queenalice.com/game.php?id=495282"]
[Date "2008.11.19"]
[Round "-"]
[White "juarid"]
[Black "Kamikase"]
[Result "1-0"]
[WhiteElo "1875"]
[BlackElo "1712"]

1. e4 e5 2. Nf3 Nc6 3. Bb5 d6 4. c3 Bg4 5. O-O a6 6. Ba4 Nf6 7. d3 b5 8. Bb3 Be7
9. h3 Bh5 10. Be3 O-O 11. Nbd2 d5 12. exd5 Nxd5 13. Bxd5 Qxd5 14. Qe2 Rad8 15.
g4 Bg6 16. d4 exd4 17. Nxd4 Nxd4 18. Bxd4 c5 19. Qxe7 cxd4 20. cxd4 Qxd4 21. Nb3
Qxb2 22. Rfe1 Rc8 23. Re2 Qc3 24. Re3 Qc7 25. Qb4 Rfe8 26. Rc1 Qb7 27. Rce1 Rxe3
28. Rxe3 h6 29. Qd2 Qc7 30. Qe1 f6 31. Re7 Qf4 32. Qe6+ 1-0

[Event "Challenge"]
[Site "http://www.queenalice.com/game.php?id=495283"]
[Date "2008.11.19"]
[Round "-"]
[White "Kamikase"]
[Black "juarid"]
[Result "0-1"]
[WhiteElo "1703"]
[BlackElo "1884"]

1. e4 c5 2. Nf3 Nc6 3. d4 cxd4 4. Nxd4 Nf6 5. Nxc6 bxc6 6. Nc3 Qa5 7. Bd2 Qc7 8.
Bd3 e6 9. O-O d5 10. Bg5 Be7 11. Re1 O-O 12. e5 Ne8 13. Bxe7 Qxe7 14. Qh5 g6 15.
Qh6 a5 16. Re3 Ba6 17. Rh3 f5 18. exf6 Nxf6 19. Bxa6 Rxa6 20. Ne2 Ng4 21. Qh4
Qxh4 22. Rxh4 Ne5 23. Nd4 c5 24. Nb5 Rb6 25. a4 Nd7 26. b3 e5 27. Rd1 d4 28. Rh3
Rbf6 29. Rd2 h5 30. c3 Kg7 31. cxd4 cxd4 32. Rh4 Nc5 33. Rb2 Nd3 0-1

[Event "second fight"]
[Site "http://www.queenalice.com/game.php?id=503849"]
[Date "2008.12.6"]
[Round "-"]
[White "Kamikase"]
[Black "newblockader"]
[Result "0-1"]
[WhiteElo "1708"]
[BlackElo "1735"]

1. e4 e5 2. Nf3 Nc6 3. d4 exd4 4. Nxd4 Qh4 5. Nc3 Bb4 6. Ne2 Nf6 7. a3 Bc5 8.
Ng3 Ng4 9. Be3 Bxe3 10. fxe3 Nxh2 11. Kf2 Ng4+ 12. Kg1 Qxg3 13. Rh3 Qf2+ 14. Kh1
Nxe3 15. Qd3 Nxc2 16. Rf3 Qh4+ 17. Rh3 Qf2 18. Rf3 Qb6 19. Qxc2 Nd4 20. Nd5 Qh6+
21. Rh3 Nxc2 22. Rxh6 Nxa1 23. Rh3 Kd8 24. Rc3 c6 25. Ne3 Re8 26. Bc4 Rxe4 27.
Bxf7 d5 28. Bh5 Rh4+ 0-1

[Event "REVENGE OF THE DRAW!!!!"]
[Site "http://www.queenalice.com/game.php?id=508204"]
[Date "2008.12.15"]
[Round "-"]
[White "THEJEGUE"]
[Black "Kamikase"]
[Result "0-1"]
[WhiteElo "1741"]
[BlackElo "1690"]

1. e4 e5 2. Nf3 Nc6 3. Bb5 d6 4. O-O a6 5. Bxc6+ bxc6 6. d4 exd4 7. Nxd4 c5 8.
Nc6 Qd7 9. Na5 Nf6 10. Nc3 Be7 11. Nd5 Nxd5 12. Qxd5 Rb8 13. Nc6 Rb6 14. Nxe7
Qxe7 15. Re1 O-O 16. e5 Bb7 17. exd6 Qxe1# 0-1

[Event "REVENGE OF THE DRAW!!!!"]
[Site "http://www.queenalice.com/game.php?id=508205"]
[Date "2008.12.15"]
[Round "-"]
[White "THEJEGUE"]
[Black "Kamikase"]
[Result "0-1"]
[WhiteElo "1799"]
[BlackElo "1692"]

1. e4 e5 2. Nf3 Nc6 3. Bb5 d6 4. O-O a6 5. Bxc6+ bxc6 6. d4 exd4 7. Nxd4 Bb7 8.
Nc3 c5 9. Nf3 Nf6 10. Bg5 Be7 11. Nd5 Nxd5 12. exd5 Bxg5 13. Nxg5 Qxg5 14. Re1+
Kd7 15. c4 c6 16. Qa4 Rhe8 17. b4 Rxe1+ 18. Rxe1 Qd2 19. Rd1 Re8 20. Rf1 Qxb4
21. Qc2 g6 22. Rb1 Qa5 23. Rxb7+ Kc8 24. Rb1 Re1+ 0-1

[Event "Challenge"]
[Site "http://www.queenalice.com/game.php?id=520495"]
[Date "2009.1.10"]
[Round "-"]
[White "Dupion"]
[Black "Kamikase"]
[Result "1-0"]
[WhiteElo "2024"]
[BlackElo "1759"]

1. d4 d5 2. Nf3 Nc6 3. c3 Bg4 4. Qb3 Nf6 5. Qxb7 Na5 6. Qb5+ c6 7. Qd3 e6 8. Bg5
h6 9. Bh4 Be7 10. Bxf6 Bxf6 11. Nbd2 O-O 12. e4 dxe4 13. Qxe4 Bf5 14. Qe3 Re8
15. Bd3 e5 16. Ne4 exd4 17. cxd4 Bxe4 18. Bxe4 Nc4 19. Qf4 Bxd4 20. O-O Bf6 21.
Bxc6 Nxb2 22. Rab1 Nd3 23. Qd2 Ne5 24. Qxd8 Nxf3+ 25. gxf3 Raxd8 26. Bxe8 Rxe8
27. Rb7 Bd4 28. Rd7 Bb6 29. Rd2 Re6 30. Rfd1 Rf6 31. Rd3 Re6 32. Kf1 Re5 33. Rd5
Re6 34. Rd6 Rxd6 35. Rxd6 Kh7 36. a4 f6 37. h3 Kg6 38. Rd5 a5 39. Rb5 Bc7 40.
Ke2 1-0

[Event "Challenge"]
[Site "http://www.queenalice.com/game.php?id=520496"]
[Date "2009.1.10"]
[Round "-"]
[White "Kamikase"]
[Black "Dupion"]
[Result "0-1"]
[WhiteElo "1696"]
[BlackElo "2021"]

1. e4 c5 2. Nf3 e6 3. d4 cxd4 4. Nxd4 a6 5. Nc3 Qc7 6. g3 Nc6 7. Bg2 Bb4 8. Ne2
Nf6 9. Bg5 Ng4 10. O-O O-O 11. a3 Bc5 12. Nf4 f6 13. Qxg4 fxg5 14. Qxg5 Be7 15.
Qg4 Ne5 16. Qe2 b5 17. Nd1 Bb7 18. Nc3 Bg5 19. Rad1 Bxf4 20. gxf4 Rxf4 21. Rd4
Raf8 22. Qd2 Rh4 23. Ne2 Nf3+ 0-1

[Event "Challenge"]
[Site "http://www.queenalice.com/game.php?id=523787"]
[Date "2009.1.16"]
[Round "-"]
[White "newblockader"]
[Black "Kamikase"]
[Result "0-1"]
[WhiteElo "1792"]
[BlackElo "1774"]

1. c4 e5 2. Nc3 Bb4 3. e4 Nf6 4. Nf3 d6 5. Bd3 Bg4 6. Qa4+ Nc6 7. Nd5 Bc5 8. Qb5
O-O 9. Qxb7 Nd4 10. Nxd4 Bxd4 11. f3 Be6 12. Nxc7 Rb8 13. Nxe6 fxe6 14. Qa6 Nh5
15. g3 Qf6 16. Be2 Qh6 17. d3 Be3 18. Bxe3 Qxe3 19. b3 Rxf3 20. Qxd6 Rf2 21.
Qxb8+ Kf7 22. Qxa7+ Qxa7 23. Bxh5+ g6 24. O-O-O gxh5 25. a4 Qb6 26. Rhf1 Rxf1
27. Rxf1+ Ke7 28. Kb2 Qe3 29. Kc3 Qe2 30. Rh1 Qf2 31. b4 Qd4+ 32. Kd2 Qb2+ 33.
Ke3 Qxb4 34. h3 Qxa4 35. g4 Qa7+ 36. Kf3 hxg4+ 37. hxg4 Kd6 38. g5 Qf7+ 39. Kg4
Qf4+ 40. Kh5 Qf3+ 41. Kh6 Qxh1+ 0-1

[Event "Challenge"]
[Site "http://www.queenalice.com/game.php?id=529625"]
[Date "2009.1.26"]
[Round "-"]
[White "NikaZ"]
[Black "Kamikase"]
[Result "1/2-1/2"]
[WhiteElo "1747"]
[BlackElo "1694"]

1. e4 e5 2. Nf3 Nc6 3. Bc4 h6 4. O-O Nf6 5. Nc3 Bb4 6. d3 O-O 7. Bd2 d6 8. h3
Nh5 9. Nxe5 Nxe5 10. Qxh5 Nxc4 11. dxc4 Bc5 12. Nd5 c6 13. Nf4 Qf6 14. c3 Be6
15. Nxe6 fxe6 16. Be3 Bxe3 17. fxe3 Qe7 18. Rxf8+ Rxf8 19. Rf1 Rxf1+ 20. Kxf1 e5
21. Kg1 c5 22. Qf5 Qf7 1/2-1/2

[Event "Challenge"]
[Site "http://www.queenalice.com/game.php?id=531381"]
[Date "2009.1.29"]
[Round "-"]
[White "Balzac55"]
[Black "Kamikase"]
[Result "1-0"]
[WhiteElo "1986"]
[BlackElo "1696"]

1. d4 d5 2. Nf3 Nc6 3. Bf4 Bg4 4. Nbd2 Nf6 5. h3 Bxf3 6. Nxf3 e6 7. c3 Bd6 8.
Bxd6 Qxd6 9. e3 O-O 10. Bd3 Rfe8 11. Qc2 h6 12. O-O e5 13. dxe5 Nxe5 14. Nxe5
Rxe5 15. Rad1 Rae8 16. c4 d4 17. exd4 Rg5 18. Qb3 b6 19. Qc2 Qe6 20. Qc3 Ne4 21.
Bxe4 Kf8 22. Rfe1 Qf6 23. Qa3+ Qe7 24. Qxe7+ Rxe7 25. Bc2 Rd7 26. Ba4 Re7 27.
Rxe7 Kxe7 28. Re1+ Kd6 29. Bc2 a5 30. Bd3 f6 31. b3 Rh5 32. Re3 c5 33. d5 1-0

[Event "Challenge"]
[Site "http://www.queenalice.com/game.php?id=531382"]
[Date "2009.1.29"]
[Round "-"]
[White "Kamikase"]
[Black "Balzac55"]
[Result "1-0"]
[WhiteElo "1696"]
[BlackElo "1839"]

1. e4 e5 2. Nf3 Nc6 3. Bc4 Be7 4. d4 exd4 5. Nxd4 Ne5 6. Bd3 Nxd3+ 7. cxd3 d6 8.
Nc3 c6 9. Bf4 Qb6 10. Nb3 Nf6 11. O-O O-O 12. h3 Re8 13. Re1 Be6 14. Be3 Qd8 15.
Nd4 Bd7 16. Qf3 Bf8 17. Bg5 Be7 18. Nf5 Bxf5 19. Qxf5 Qd7 20. Bxf6 Qxf5 21. exf5
Bxf6 22. Re3 Kf8 23. Rae1 d5 24. g4 d4 25. Rxe8+ Rxe8 26. Ne4 Be5 27. Kg2 f6 28.
Nc5 b6 29. Ne4 Bc7 30. h4 h6 31. Rc1 c5 32. g5 fxg5 33. hxg5 hxg5 34. Nxg5 Bd8
35. Ne6+ Kg8 36. Kg3 Bf6 37. Kg4 a5 38. a4 Re7 39. Kh5 1-0

[Event "Challenge"]
[Site "http://www.queenalice.com/game.php?id=543265"]
[Date "2009.2.20"]
[Round "-"]
[White "ORNELAS"]
[Black "Kamikase"]
[Result "0-1"]
[WhiteElo "1522"]
[BlackElo "1752"]

1. d4 d5 2. e3 Nf6 3. c4 dxc4 4. Bxc4 Nc6 5. Nf3 Bg4 6. a3 e5 7. h3 Bh5 8. Nbd2
exd4 9. exd4 Nxd4 10. Qa4+ Nc6 11. O-O Be7 12. Bb5 O-O 13. Bxc6 bxc6 14. Qxc6
Bd6 15. Nc4 Bxf3 16. Qxf3 h6 17. Qc6 Rc8 18. Be3 Nd5 19. Qxd5 Bh2+ 20. Kxh2 Qxd5
21. Bxa7 Qxc4 22. Rac1 Qf4+ 23. Kg1 Rfe8 24. Be3 Qf6 25. b4 Qb2 26. Ra1 Ra8 27.
Rfb1 Qc2 28. Rc1 Qb2 29. Rcb1 Qf6 30. Re1 Re4 0-1

[Event "Challenge"]
[Site "http://www.queenalice.com/game.php?id=543782"]
[Date "2009.2.20"]
[Round "-"]
[White "Kuroi"]
[Black "Kamikase"]
[Result "0-1"]
[WhiteElo "1669"]
[BlackElo "1791"]

1. e4 e5 2. Nf3 Nc6 3. Nc3 Bb4 4. a3 Bxc3 5. dxc3 d6 6. Bc4 Nf6 7. Ng5 O-O 8.
O-O h6 9. Nf3 Bg4 10. Be3 Nxe4 11. Bd5 Nf6 12. h3 Bh5 13. b4 Nxd5 14. Qxd5 Rb8
15. b5 Ne7 16. Qb3 Bxf3 17. gxf3 Nf5 18. Kh2 Qf6 19. Bxa7 Rbc8 20. b6 c6 21. a4
Nh4 22. c4 Nxf3+ 23. Kh1 Qf4 24. Kg2 Nd2 25. Qe3 Qxe3 26. fxe3 Nxf1 27. Kxf1 f5
28. a5 Rf7 29. Kf2 d5 30. c5 f4 31. a6 fxe3+ 32. Kxe3 Rcf8 33. Kd2 e4 34. Ke3
bxa6 35. Rxa6 g5 36. Ra4 h5 37. Rb4 Rb7 38. Kd4 g4 39. hxg4 hxg4 40. Ke5 g3 41.
Rb1 g2 42. Rg1 Rf2 43. Kd6 Rg7 44. Kxc6 Rf1 45. b7 Rf6+ 46. Kxd5 Rxb7 47. Rxg2+
Kf7 48. Bb6 e3 49. Ba5 Rb5 50. Bd8 Rf5+ 51. Ke4 Rbxc5 52. Kxe3 Rc8 53. Bh4 Rfc5
54. Rf2+ Ke6 55. Kd3 Ke5 56. Bf6+ Ke6 57. Bd4 Rd5 58. c4 Ra5 59. Rf6+ Ke7 60.
Bb6 Ra3+ 0-1

[Event "Challenge"]
[Site "http://www.queenalice.com/game.php?id=543783"]
[Date "2009.2.20"]
[Round "-"]
[White "Kamikase"]
[Black "Kuroi"]
[Result "1-0"]
[WhiteElo "1759"]
[BlackElo "1732"]

1. e4 e5 2. Nf3 Nc6 3. d4 Nf6 4. d5 Na5 5. Bd2 c6 6. Nc3 cxd5 7. exd5 e4 8. Nd4
Nc4 9. Bg5 Nxb2 10. Qc1 Nc4 11. Nxe4 h6 12. Bxf6 gxf6 13. Bxc4 Qa5+ 14. Qd2
Qxd2+ 15. Kxd2 Bb4+ 16. c3 Ba5 17. Nxf6+ Ke7 18. Ne4 Bc7 19. Rhe1 Kd8 20. d6 Bb6
21. Bxf7 Rf8 22. Bh5 Rf4 23. Ng3 Rxf2+ 24. Kd3 Rf8 25. Re7 Bc5 26. Ndf5 Bxd6 27.
Re8+ Rxe8 28. Bxe8 Bxg3 29. hxg3 Kxe8 30. Nxh6 b6 31. g4 Ba6+ 32. Kd4 Kd8 33.
Rh1 Kc7 34. Nf7 Rf8 35. Ne5 d6 36. Ng6 Rg8 37. Rh7+ Kc6 38. Ne7+ Kb5 39. Nxg8
Ka4 40. Rxa7 Ka5 41. g5 b5 42. Ne7 Kb6 43. Rxa6+ Kxa6 44. g6 Ka5 45. g7 Ka4 46.
g8=Q Ka3 47. Qb3# 1-0

[Event "Challenge"]
[Site "http://www.queenalice.com/game.php?id=554412"]
[Date "2009.3.11"]
[Round "-"]
[White "goldwing"]
[Black "Kamikase"]
[Result "0-1"]
[WhiteElo "1783"]
[BlackElo "1787"]

1. e4 e5 2. Bc4 Nf6 3. d4 exd4 4. Qxd4 Nc6 5. Qd1 Bc5 6. Nf3 Nxe4 7. Qe2 O-O 8.
Be3 Bxe3 9. Qxe3 Ng3 10. Kd1 Nxh1 11. Qe1 Nxf2+ 12. Qxf2 d6 13. h3 Be6 14. Bd3
Qf6 15. c3 Rfd8 16. Nbd2 Ne5 17. Be4 c6 18. Kc2 d5 19. Bd3 Nxd3 20. Kxd3 b6 21.
Re1 Bf5+ 22. Ke2 Re8+ 23. Kd1 c5 24. Re2 Rad8 25. Qe1 Rxe2 26. Qxe2 Qd6 27. g4
Be6 28. Qa6 Qb8 29. Qe2 Re8 30. Qf2 Qf4 31. a3 Bd7 32. Kc1 Bb5 33. Qh4 Be2 34.
Qg5 Qa4 35. Kb1 Bxf3 36. Nxf3 Qd1+ 37. Ka2 Qxf3 38. h4 h6 39. Qd2 Qxg4 40. Qxd5
Qxh4 41. Qb7 Qc4+ 42. Kb1 Re1+ 43. Kc2 Re2+ 44. Kd1 Qd3+ 45. Kc1 Qc2# 0-1

[Event "Challenge"]
[Site "http://www.queenalice.com/game.php?id=567044"]
[Date "2009.4.5"]
[Round "-"]
[White "Kuroi"]
[Black "Kamikase"]
[Result "1-0"]
[WhiteElo "1680"]
[BlackElo "1819"]

1. e4 e5 2. Nf3 Nf6 3. Nxe5 Qe7 4. d4 d6 5. Nf3 Qxe4+ 6. Be2 Bf5 7. Na3 d5 8.
Ng5 Qe7 9. O-O h6 10. Nf3 Nc6 11. Re1 Ne4 12. Bf4 g5 13. Be5 Nxe5 14. Nxe5 Bg7
15. f3 Nd6 16. Rc1 Bxe5 17. dxe5 Nc4 18. Qxd5 Nxa3 19. Qxb7 O-O 20. bxa3 Qxe5
21. Bc4 Qc5+ 22. Kh1 Qxc4 23. Re7 Rad8 24. Rxc7 Qxa2 25. Qxa7 Qb2 26. Rg1 Bxc2
27. Qf2 Rc8 28. Rd7 Qxa3 29. Qb6 Bg6 30. Ra7 Qd3 31. Ra6 Rb8 32. Qa5 Rfe8 33.
Qa2 Re2 34. Rxg6+ Qxg6 35. Qxe2 Kf8 36. Qe5 Rb6 37. Rd1 Rb1 38. Qh8+ Ke7 39.
Qd8+ Ke6 40. Qd6+ 1-0

[Event "Challenge"]
[Site "http://www.queenalice.com/game.php?id=567045"]
[Date "2009.4.5"]
[Round "-"]
[White "Kamikase"]
[Black "Kuroi"]
[Result "1-0"]
[WhiteElo "1803"]
[BlackElo "1810"]

1. e4 e5 2. Nf3 Nc6 3. Bb5 a6 4. Bxc6 bxc6 5. d4 Bd6 6. dxe5 Bc5 7. Nc3 Bb4 8.
Bd2 Bxc3 9. Bxc3 f6 10. exf6 gxf6 11. O-O Bb7 12. Nd4 c5 13. Nf5 Bxe4 14. Re1 d5
15. f3 Qd7 16. fxe4 O-O-O 17. Qg4 h5 18. Qh3 Kb8 19. Ba5 Qb5 20. Bc3 d4 21. a4
Qc4 22. Ba5 Qxc2 23. Qg3 Rd7 24. b4 c4 25. b5 d3 26. Ne3 Qb2 27. bxa6 d2 28.
Red1 c3 29. Rab1 Qxb1 30. Rxb1+ Kc8 31. Bxc3 Rd3 32. Ba5 Rh7 33. Qxg8+ Rd8 34.
Qxh7 Rd7 35. Qf5 Kd8 36. Rb8+ Ke7 37. Nd5+ Kd6 38. Bxd2 1-0